000 00310nam a22001337a 4500
003 SGT
082 _a617.63
_bR15T
100 _aTHAMMAN, SHEENA
245 _aREVIEW OF TASTE DISORDERS
260 _aDELHI NCR
_bSGT UNIVERSITY GURUGRAM
_c2015
300 _a1-72
650 _aORAL MEDICINE
942 _2ddc
_cTH
999 _c18992
_d18992